000 00828nam a22002177a 4500
005 20120903110957.0
010 _aB-464458
020 _a9788172235567
_c249.00
035 _aB-464458
037 _adpl
_bK.K. Pub/Ven
082 _a483
245 _aCollins compact dictionary /
246 _aCollins compact English dictionary
260 _aBritain
_bHarper Collins
_c2002
270 _aWesterhill Road,Bishopbriggs,Glasgow
_bGreat Britian
_eG64 2QT
300 _ax 1093p.
_c18cm.(Hb)
700 _aSheth, Suchitra
_951626
942 _2ddc
_cEN
_mCOL
_h483
999 _c69365
_d69365